00325nam a22001337a 450000500170000002000180001708200150003510000240005024500310007426000440010530000110014994200120016099900190017220260421153434.0 a9788119497799 a580 ASH.U aDr Ashish K.913555 aUGC NET/JRF/SET Botany V.4 aJaipur :bParadise publishers ,cc2025. a250 p. 2ddccBK c758855d758855